Wszyscy zwycięzcy Copa del Rey - Statystyki

Ogólne statystyki
  • Ten quiz został rozwiązany 99 razy
  • Średni wynik to 97 z 120
Statystyki odpowiedzi
=⁠_⁠= Odpowiedz % Poprawnych
FC Barcelona
100%
Real Madryt
100%
Atletico Madryt
97%
1903 | 23/24 Athletic Bilbao
83%
Sevilla
77%
Valencia
76%
Real Sociedad
65%
Real Betis
64%
Real betis
64%
Mallorca
48%
Deportivo La coruna
45%
Espanyol
34%
Real Saragossa
26%
Arenas Getxo
2%
Real Union Irun
2%
Ciclista
1%
Nie znaleziono quizów pasujących do podanych kryteriów
Rozkład punktacji
Procent ludzi z każdym wynikiem
Percentyl według liczby udzielonych odpowiedzi
Twoja historia wyników
Nie rozwiązałeś tego quizu